000 00343 a2200145 4500
001 153895
040 _cEscola São Tomás de Aquino
100 _aGONTIJO,Solange Avelar Fonseca
240 1 0 _aCacá o papagaio
_lpor
245 1 0 _aCacá o papagaio
362 0 _a1997
440 1 _aMiguilim
697 _a*LITERATURA INFANTIL
942 _cBK
999 _c153895
_d153895